000 01187nam a2200289 a 4500
003 MX-MxUPN
005 20250905182453.0
007 cr |||aaa|||||
008 230330s2002 fr| |||fo|||| 00| 0 eng d
040 _aMX-MxUPN
_bspa
_cMX-MxUPN
_eaacr2
041 _aeng
050 4 _aLC1099
100 1 _948619
_aByram, Michael
100 1 _948620
_aGribkova, Bella
100 1 _948621
_aStarkey, Hugh
245 _aDeveloping the intercultural dimension in language teaching :
_ba practical introduction for teachers
_h[recurso electrónico en línea]
260 _aStrasbourg :
_bCouncil of Europe,
_c2002
300 _a1 recurso en línea (41 páginas)
500 _aEs bibliografía básica de la Especialización en Enseñanza y Aprendizaje de inglés como Lengua Extranjera.
506 0 _aAcceso abierto
610 2 _aUniversidad Pedagógica Nacional (México).
_bUnidad Ajusco.
_bEspecialización en Enseñanza y Aprendizaje de Inglés como Lengua Extranjera.
650 4 _aEducación intercultural
_94812
650 4 _96150
_aLenguaje y lenguas
_xEstudio y enseñanza
856 4 0 _uhttps://rm.coe.int/16802fc1c3
902 _aVíctorGodínez/300323
942 _2lcc
_cLIBRO-E
999 _c209463
_d209463